000 01289cam a2200313 a 4500
001 653168
003 ARRUPE
005 20140131130534.0
008 941117s1995 nyua b 001 0 eng
010 _a 94025268
020 _a0195095995 (acidfree paper)
040 _aDLC
_cDLC
_dDLC
050 0 0 _aQH325
_b.K388 1995
082 0 0 _a577
_220
100 1 _aKauffman, Stuart A.
_97528
245 1 0 _aAt home in the universe :
_bthe search for laws of self-organization and complexity /
_cStuart Kauffman.
260 _aNew York :
_bOxford University Press,
_c1995.
300 _aviii, 321 p. :
_bill. ;
_c25 cm.
504 _aIncludes bibliographical references (p. [305]-306) and index.
650 0 _aLife
_xOrigin.
_97529
650 0 _aSelf-organizing systems.
_97530
650 0 _aMolecular evolution.
_97531
650 0 _aEvolution (Biology)
_xPhilosophy.
_97532
856 4 2 _3Publisher description
_uhttp://www.loc.gov/catdir/enhancements/fy0604/94025268-d.html
856 4 2 _3Contributor biographical information
_uhttp://www.loc.gov/catdir/enhancements/fy0723/94025268-b.html
906 _a7
_bcbc
_corignew
_d1
_eocip
_f19
_gy-gencatlg
942 _2lcc
_cMONOGRAPH
999 _c119830
_d119830